Formy vzdelávania v ďalšom podnikovom vzdelávaní diplomová práca

Enregistré dans:
Détails bibliographiques
Auteur principal: Šipková, Kristína
Collectivité auteur: Fakulta podnikového manažmentu EU. Katedra manažmentu
Autres auteurs: Matulčíková, Marta, 1964-
Format: Livre
Langue:slovaque
Publié: Bratislava 2025
Tags: Ajouter un tag
Pas de tags, Soyez le premier à ajouter un tag!

MARC

LEADER 00000nbm a2200000 4500
001 0309919
005 20251217144255.1
041 0 |a slo 
044 |a SK 
245 1 0 |a Formy vzdelávania v ďalšom podnikovom vzdelávaní  |b diplomová práca  |c Kristína Šipková ; školiteľ: Marta Matulčíková 
264 1 |a Bratislava  |c 2025 
300 |a 72 s. 
100 1 |a Šipková, Kristína 
700 1 |a Matulčíková, Marta, 1964- 
710 2 |a Fakulta podnikového manažmentu EU. Katedra manažmentu